000 01293nam a2200349 a 4500
001 000108925
003 CHAP
005 20220329144030.0
008 140320s2013 mx sm |||||||spa d
010 _a105387
011 _a106359
040 _cCHAP
090 _aTesis
100 1 _aAguado Núñez, José Mauricio
_9126012
245 1 0 _aAnálisis estructural de un diseño de invernadero tipo sierra
_h[En línea]
_cpor José Mauricio Aguado Nuñez y Juan Tadeo Carpio Juárez.
260 _aChapingo, Méx. :
_bEl autor,
_c2013.
500 _aPara ver el contenido del material haga clic en la liga
502 _aTesis (Ing. Agr. Esp. en Maquinaria Agrícola) -- UACH. Ingeniería Mecánica Agrícola
590 _aBATCH-UPD
_b05
_c20140324
_lUCH01
_h1537
590 _aBATCH-UPD
_b05
_c20141002
_lUCH01
_h0858
590 _aBATCH
_b00
_c20181121
_lUCH01
_h0758
590 _aE5765TAJ
_b05
_c20140320
_lUCH01
_h1131
590 _aE5765TAJ
_b05
_c20140320
_lUCH01
_h1132
650 1 4 _aCultivos en invernadero.
_930376
650 1 4 _aInvernaderos
_xDiseño y construcción.
_960175
700 1 _aCarpio Juárez, Juan Tadeo
_9126013
856 _a1
_n0000045
856 _aFinding aid
_uhttp://10.13.5.2/tesis/sist108925.pdf
_zTeclea aquí
901 _aBK
942 _cTESIS
942 _n0
999 _c105387
_d105387